000 00450nam a22001697a 4500
005 20180823140130.0
008 180823b xxu||||| |||| 00| 0 eng d
022 _a2394-4811
222 _aJournal of social inclusion studies
245 _aJournal of social inclusion studies
260 _aNew Delhi ;
_bSage Publications
300 _av.
_c24 cm
310 _abi-annually
650 _vPeriodicals.
906 _cserials
942 _2ddc
_cSR
_s1
999 _c156193
_d156193